000
00352nam a2200133Ia 4500
008
151001s9999||||xx |||||||||||||| ||und||
100
_a
यु म पठाण
245
_a
रेशीम बंध
250
_a
1
260
_b
शब्द प्रकाशन सातारा
260
_c
2000
300
_a
128
365
_b
21
999
_c
978349
_d
978346